000 00385nam a2200181Ia 4500
003 0STCL
008 150530s9999 xx 000 0 und d
040 _aSTCL
_cSTCL
100 _aThottan Joseph,O.
245 _aCinor Mussolini
250 _a1
260 _c1940
_aTrichur
300 _a0
546 _aMalayalam
942 _2ddc
_cBK
999 _c82321
_d82321
005 20220125171818.0